I Congreso Internacional de Biodiversidad de la Cuenca del Orinoco : (Registro nro. 19141)

Detalles MARC
000 -CABECERA
Campo de control 01256nam a2200253 a 4500
005 - FECHA Y HORA DE LA ULTIMA TRANSACCION
Campo de control 20191224042314.0
008 - ELEMENTOS DE LONGITUD FIJA—INFORMACION GENERAL
Campo de control 161124s2009 ck ||||r|||| 00| 0 spa d
020 ## - ISBN
ISBN 9789588594
040 ## - FUENTE DE CATALOGACIÓN
Agencia catalogadora original CO-BoIAVH
Agencia transcriptora CO-BoIAVH
041 0# - IDIOMA
Código de idioma para texto/pista de sonido o título separado Español
044 ## - PAÍS DE PUBLICACIÓN
País de publicación Colombia
082 04 - NUMERO DE CLASIFICACION DECIMAL DEWEY
Número de clasificación 333.9507
Número del ítem C74i
111 2# - ASIENTO PRINCIPAL--NOMBRE DE REUNION
Nombre de reunión o de jurisdicción como elemento de entrada Congreso Internacional de Biodiversidad en la Cuenca del Orinoco
Número de la parte/sección/reunión (1
Fecha de la reunión 2009 :
Lugar de la reunión Villavicencio, Meta)
9 (RLIN) 77341
245 12 - MENCION DE TITULO
Título I Congreso Internacional de Biodiversidad de la Cuenca del Orinoco :
Parte restante del título Libro de resúmenes /
260 ## - PUBLICACION, DISTRIBUCION, ETC. (PIE DE IMPRENTA)
Lugar de publicación, distribución, etc. Villavicencio, Colombia :
Nombre del editor, distribuidor, etc. Universidad de los Llanos, Programa de Biología, Instituto de Investigaciones de la Orinoquia,
Fecha de publicación, distribución, etc. 2009.
300 ## - DESCRIPCION FISICA
Extensión 128 páginas ;
Dimensiones 23 x 17 cm.
650 16 - ASIENTO SECUNDARIO DE MATERIA - TERMINO TEMATICO
Término temático o nombre geográfico como elemento de entrada Biodiversidad
Subdivisión geográfica Orinoquia (Región, Colombia)
Subdivisión de forma Congresos, conferencias, etc.
9 (RLIN) 77342
650 26 - ASIENTO SECUNDARIO DE MATERIA - TERMINO TEMATICO
Término temático o nombre geográfico como elemento de entrada Recursos genéticos
Subdivisión geográfica Orinoquia (Región, Colombia)
Subdivisión de forma Congresos, conferencias, etc.
9 (RLIN) 77343
650 24 - ASIENTO SECUNDARIO DE MATERIA - TERMINO TEMATICO
Término temático o nombre geográfico como elemento de entrada Ecosistemas
Subdivisión geográfica Orinoquia (Región, Colombia)
Subdivisión de forma Congresos, conferencias, etc.
9 (RLIN) 77344
650 26 - ASIENTO SECUNDARIO DE MATERIA - TERMINO TEMATICO
Término temático o nombre geográfico como elemento de entrada Fauna
Subdivisión geográfica Orinoquia (Región, Colombia)
Subdivisión de forma Congresos, conferencias, etc.
9 (RLIN) 77345
650 26 - ASIENTO SECUNDARIO DE MATERIA - TERMINO TEMATICO
Término temático o nombre geográfico como elemento de entrada Flora
Subdivisión geográfica Orinoquia (Región, Colombia)
Subdivisión de forma Congresos, conferencias, etc.
9 (RLIN) 77346
710 2# - ASIENTO SECUNDARIO - NOMBRE CORPORATIVO
Nombre corporativo o de jurisdicción como elemento de entrada Universidad de los Llanos
9 (RLIN) 3430
942 ## - ELEMENTOS ADICIONALES (KOHA)
Sistema de clasificación Dewey Decimal Classification
Tipo de ítem Libro
Existencias
Withdrawn status Lost status Sistema de Clasificación Damaged status No para préstamo Colección Inventariado Ubicación Permanente Ubicación actual Fecha de adquisición Fuente de Valor Valor Total Checkouts Número topográfico Inventario / Código de Barras Date last seen Ejemplar Price effective from Forma de adquisición Tipo de material
    Dewey Decimal Classification     General Inventariado 2017 Bogotá Bogotá 24/11/2016 Instituto 39000.00   LB-333.9507 C74i 040833 24/11/2016 Ej. 1 24/11/2016 Donación Libro